000 005290000a22002050004500
003 LK-CoMWRAF
005 20230904211531.0
008 230817t1989 ||||| |||| 00| 0 eng d
040 _aLK-CoMWRAF
_dLK-CoMWRAF
_eLK-CoMWRAF
041 _aeng
082 _a821
_bSIR
100 _aSirimanne, C.R.
100 _aSirimanne, Samantha
245 _aPaper boats
260 _aColombo :
_bWomen's education centre publication,
_c1989
300 _a41p
650 _aEnglish Poetry
700 _aRanaweera,, Eva
_eed.
942 _cBK
999 _c2486
_d2486